| 000 | 00643nam a2200193 a 4500 | ||
|---|---|---|---|
| 001 | 000029390 | ||
| 005 | 20240229073823.0 | ||
| 008 | 110415s2006 dr ad 000 | spa d | ||
| 040 |
_aDO-SdBNP _bspa _cBNPHU |
||
| 082 |
_axxx _bO329p, 2006 |
||
| 110 | 2 |
_aOficina Nacional de Defensa Pública _956269 |
|
| 245 | 1 | 0 |
_aPautas mínimas de la defensa pública / _cpresentación de Jorge A. Subero Isa. |
| 250 | _a2a ed. | ||
| 260 |
_aSanto Domingo : _bCorripio, _c2006. |
||
| 300 |
_a137 p. : _bil., diagr. ; _c23 cm. |
||
| 500 | _aIncluye notas al pie de las páginas. | ||
| 700 | 1 |
_aSubero Isa, Jorge A., _d1947- _epresent. _976863 |
|
| 049 | _aBNPD | ||
| 999 |
_c28882 _d28882 |
||